On This Day: October 5th II Quiz Stats

 Plays Quiz Updated Oct 9, 2018

Score 0/7 Timer 03:00
0 Plays Today
Question Answer Wrong Answers
Often called the ‘Bulldozer Revolution,’ mass demonstrations in Belgrade lead to the resignation of ______ leader Slobodan Milošević.
2000
Yugoslavian
80.6%
Italian
0.9%
Czech
13.9%
Russian
3.6%
This American astrophysicist, author, and science popularizer, who serves as the Director of the Hayden Planetarium in New York City, is born.
1958
Neil deGrasse Tyson
73.7%
Bill Nye
13%
Michio Kaku
2.4%
Richard Dawkins
10.7%
Travelling aboard the Space Shuttle Challenger, Marc Garneau becomes the first ______ in space.
1984
Canadian
71.6%
New Zealander
6.7%
Australian
8.8%
South African
12.3%
Police baton civil rights demonstrators in Derry, Northern Ireland, considered by some to mark the beginning of ______.
1968
The Troubles
66.4%
The Dangers
2.3%
The Struggles
19.2%
The Hardships
11.5%
The first televised White House address is given by this US President.
1947
Harry S. Truman
65.7%
Franklin D. Roosevelt
19.1%
Dwight D. Eisenhower
11.2%
John F. Kennedy
4%
With the Kingdom of ______ in crisis, the Republican Party, led by Teófilo Braga, overthrows the centuries-old monarchy and declares a republic.
1910
Portugal
46.5%
Spain
21.8%
Mexico
12.5%
Brazil
19.3%
An article in the British newspaper, ‘The Sunday Times’, reveals that this country is in possession of a secret nuclear arsenal.
1986
Israel
25.7%
North Korea
41.8%
Pakistan
24.1%
China
7.6%

You're not logged in!

Compare scores with friends on all Sporcle quizzes.
OR
Log In

Sporcle TV

Today on Sporcle TV


Watch our educational content, quiz creation guides, and fun videos on Sporcle TV.

Show Comments

Extras

Top Quizzes Today


Score Distribution

Your Account Isn't Verified!

In order to create a playlist on Sporcle, you need to verify the email address you used during registration. Go to your Sporcle Settings to finish the process.

Report this User

Report this user for behavior that violates our Community Guidelines.

Details: